| 000 | 00601nam a22002050 4500 | ||
|---|---|---|---|
| 001 | ocm9718613080 | ||
| 003 | PILC | ||
| 005 | 20150825085555.0 | ||
| 008 | 021001s1990 | ||
| 020 | _a9718613080 | ||
| 050 |
_aZ 52.5.W65 _b.K942 1990 |
||
| 100 | 1 | _aKrumm, Rob. | |
| 245 | 1 | 0 |
_aTeach yourself ... wordPerfect : _b5.1 for desktop publishing / |
| 260 |
_aPortland, OR : _bManagement Information Source, _c1990. |
||
| 300 |
_axii, 272 pages ; _c24 cm. |
||
| 500 | _aIncludes index. | ||
| 650 | _aWord Processing. | ||
| 650 | _aWordPerfect (Computer file). | ||
| 942 |
_2lcc _cBK |
||
| 999 |
_c288473 _d288473 |
||